00685nam a2200217Ia 4500008004100000020001600041050000900057050001600066100002000082245001800102245008400120260001200204260003300216260000900249650001400258650001400272650002500286650002100311999001900332952011600351170203s9999 xx 000 0 und d a0-670379689 aFic  b.B315h 1981 aBaskin, Leonard aHosie's Zoo / cpictures by Leonard Baskin ; words by Tobias, Hosea, Lucretia, and Lisa Baskin. aU.S.A : bPenguin Books Canada Limited c1981 aAnimals-- aAnimals-- xJuvenile literature. xPictorial works. c305990d305990 001040aSSISBbSSISBcGS FICTIONd2017-02-03l0oFic .B315h 1981pLS-0665r2017-02-03 00:00:00w2017-02-03yBK